[Event "Championship Saratov region 2014"]
[Site "Saratov"]
[Date "2014.12.07"]
[Round "2.9"]
[White "Shlegin, Stanislav"]
[Black "Tyapkin, Petr"]
[Result "1-0"]
[WhiteElo "2336"]
[BlackElo "1750"]
[PlyCount "87"]
[EventDate "2014.12.06"]

1. c4 Nf6 2. Nc3 g6 3. g3 Bg7 4. Bg2 O-O 5. d4 d6 6. Nf3 Nc6 7. O-O a6 8. Qd3
Bf5 9. e4 Bg4 10. Be3 Nd7 11. Ne2 Bxf3 12. Bxf3 Nce5 13. dxe5 Nxe5 14. Qc2
Nxf3+ 15. Kg2 Ne5 16. c5 Qd7 17. Rad1 Ng4 18. Bd4 Qc6 19. Bxg7 Kxg7 20. b4 e5
21. h3 Nf6 22. f3 Nd7 23. Rd2 Nf6 24. Rfd1 Rfd8 25. Nc3 Rac8 26. Nd5 Ne8 27.
Ne7 Qd7 28. Nxc8 Rxc8 29. a4 b6 30. Rc1 Rb8 31. cxd6 cxd6 32. Qc6 Qe6 33. Rc3
h5 34. Rdc2 Kf8 35. h4 Kg7 36. Qc4 Qxc4 37. Rxc4 b5 38. Rc8 Rxc8 39. Rxc8 Nf6
40. a5 d5 41. Rc6 dxe4 42. fxe4 Nxe4 43. Rxa6 Nd2 44. Rc6 1-0

[Event "Championship Saratov region 2014"]
[Site "Saratov"]
[Date "2014.12.07"]
[Round "2.10"]
[White "Tatarinov, Andrey"]
[Black "Lysenkov, Alexandr"]
[Result "1-0"]
[WhiteElo "1625"]
[BlackElo "2113"]
[PlyCount "60"]
[EventDate "2014.12.06"]

1. Nf3 d5 2. c4 c6 3. g3 Nf6 4. Bg2 Bf5 5. O-O e6 6. b3 Be7 7. Bb2 O-O 8. d3 c5
9. Nbd2 Nc6 10. a3 Rc8 11. Rc1 d4 12. Nh4 Bg4 13. h3 Bh5 14. Ndf3 Nd7 15. g4
Bxh4 16. gxh5 Be7 17. b4 b6 18. b5 Nce5 19. e3 Nxf3+ 20. Qxf3 Bf6 21. exd4 cxd4
22. Qg4 Ne5 23. Qe4 Nd7 24. Bxd4 Bxd4 25. Qxd4 Nc5 26. Qg4 Qxd3 27. h6 Qg6 28.
hxg7 Qxg7 29. Qxg7+ Kxg7 30. Rc3 f5 1-0

[Event "Championship Saratov region 2014"]
[Site "Saratov"]
[Date "2014.12.07"]
[Round "2.11"]
[White "Guliev, Gasan"]
[Black "Chekmareva, Liya"]
[Result "0-1"]
[WhiteElo "2064"]
[BlackElo "1948"]
[PlyCount "96"]
[EventDate "2014.12.06"]

1. Nf3 Nf6 2. c4 g6 3. Nc3 d5 4. cxd5 Nxd5 5. Qa4+ Bd7 6. Qb3 Nb6 7. e4 Be6 8.
Qc2 c5 9. Bb5+ Bd7 10. O-O Bg7 11. a4 O-O 12. Bxd7 N6xd7 13. Qb3 Qb6 14. Qa3
Nc6 15. Nd5 Qd8 16. d3 e6 17. Ne3 b6 18. Nc4 a6 19. Bg5 Qc7 20. Bh4 Nb4 21.
Rac1 b5 22. Bg3 e5 23. Ne3 Qd6 24. Rfd1 Qe6 25. Ng5 Qe7 26. Nf3 Qe6 27. Ng5 Qe7
28. Nf3 Qe6 29. Ne1 f5 30. N3c2 Nc6 31. f3 b4 32. Qa1 b3 33. Na3 Nd4 34. Kf1
Bh6 35. Rc3 g5 36. Bf2 fxe4 37. dxe4 g4 38. Rdd3 Rac8 39. fxg4 c4 40. Rh3 Nc5
41. Qb1 Nxa4 42. g5 Bg7 43. Rcg3 c3 44. bxc3 Qf7 45. Nd3 Rxc3 46. Qe1 b2 47.
Nxe5 Qxf2+ 48. Qxf2 Rc1# 0-1

[Event "Championship Saratov region 2014"]
[Site "Saratov"]
[Date "2014.12.07"]
[Round "2.12"]
[White "Gagarkine, Nikolay"]
[Black "Khatkevich, Alexandr"]
[Result "0-1"]
[WhiteElo "1838"]
[BlackElo "2049"]
[PlyCount "58"]
[EventDate "2014.12.06"]

1. d4 d5 2. c4 e6 3. Nc3 c6 4. Nf3 dxc4 5. e4 b5 6. b3 cxb3 7. axb3 Nf6 8. Bd3
Bb7 9. e5 Nd5 10. Nxd5 Qxd5 11. O-O a6 12. Qc2 h6 13. Be4 Qd8 14. Be3 Nd7 15.
Rfd1 Rc8 16. Qd3 Nb6 17. Bd2 Nd5 18. Ba5 Qd7 19. Qd2 c5 20. dxc5 Bxc5 21. b4
Be7 22. h4 Bd8 23. Bxd8 Qxd8 24. g4 Rc4 25. Qe1 Qe7 26. g5 hxg5 27. hxg5 Nc3
28. Nd2 Qxg5+ 29. Kf1 Bxe4 0-1

[Event "Championship Saratov region 2014"]
[Site "Saratov"]
[Date "2014.12.07"]
[Round "2.13"]
[White "Kvitka, Roman"]
[Black "Bolychevsky, Alexander"]
[Result "1-0"]
[WhiteElo "2140"]
[BlackElo "1861"]
[PlyCount "83"]
[EventDate "2014.12.06"]

1. d4 d5 2. c4 c6 3. Nf3 Nf6 4. Nc3 e6 5. e3 Nbd7 6. Bd3 Bd6 7. O-O O-O 8. b3
Re8 9. Bb2 dxc4 10. bxc4 e5 11. Qc2 Qe7 12. Ne4 Nxe4 13. Bxe4 h6 14. Bh7+ Kh8
15. Bf5 e4 16. Nd2 Nf6 17. Bxc8 Raxc8 18. Rfb1 b5 19. a4 a6 20. axb5 axb5 21.
Ra6 Qb7 22. Rba1 Ra8 23. Rxa8 Rxa8 24. Rxa8+ Qxa8 25. c5 Bf8 26. Nxe4 Nxe4 27.
Qxe4 Qa5 28. g3 Qe1+ 29. Kg2 Qd2 30. Qxc6 Qxb2 31. Qe8 Kg8 32. c6 Qc2 33. Qd7
Qe4+ 34. Kh3 f5 35. c7 Qg4+ 36. Kg2 Qe4+ 37. f3 Qxe3 38. c8=Q Qe2+ 39. Kh3 Qf1+
40. Kh4 g5+ 41. Kh5 Qxf3+ 42. Kg6 1-0

[Event "Championship Saratov region 2014"]
[Site "Saratov"]
[Date "2014.12.07"]
[Round "2.14"]
[White "Fedukin, Alexandre"]
[Black "Zhdanov, Petr"]
[Result "0-1"]
[WhiteElo "1862"]
[BlackElo "2060"]
[PlyCount "132"]
[EventDate "2014.12.06"]

1. c4 e6 2. Nf3 Nf6 3. g3 d5 4. Bg2 Be7 5. O-O O-O 6. Qc2 d4 7. e3 c5 8. exd4
cxd4 9. d3 Nc6 10. a3 a5 11. Re1 Bd7 12. b3 Bc5 13. Nbd2 Rc8 14. Ne4 Nxe4 15.
Rxe4 f5 16. Re2 Qf6 17. Bg5 Qg6 18. h4 h6 19. Bf4 Rce8 20. Ne5 Nxe5 21. Bxe5
Bc6 22. b4 axb4 23. axb4 Bxb4 24. Bxc6 bxc6 25. Bxd4 f4 26. Ra7 Re7 27. Rxe7
Bxe7 28. Kh2 Bxh4 29. gxf4 Rxf4 30. Re4 Bg5 31. Qe2 Qf5 32. Kg2 Kf7 33. Qh5+ g6
34. Qe2 h5 35. Be5 Rxe4 36. Qxe4 Qxe4+ 37. dxe4 Bf6 38. Bd6 Bd4 39. f4 Kf6 40.
Bc7 e5 41. Bd8+ Ke6 42. Kf3 exf4 43. Kxf4 Bf6 44. Bb6 g5+ 45. Kg3 g4 46. Kf4
Bc3 47. Bc5 Bd2+ 48. Kg3 Ke5 49. Kh4 Kxe4 50. Kxh5 Kf3 51. Kg6 g3 52. Kf5 Be3
53. Bd6 g2 54. Bh2 g1=Q 55. Bxg1 Bxg1 56. c5 Bxc5 57. Ke6 Bd4 58. Kd6 c5 59.
Kd5 Ke3 60. Kc4 Kd2 61. Kb3 Kd3 62. Ka2 c4 63. Kb1 c3 64. Kc1 Be3+ 65. Kb1 c2+
66. Ka2 c1=Q 0-1

[Event "Championship Saratov region 2014"]
[Site "Saratov"]
[Date "2014.12.07"]
[Round "2.15"]
[White "Raisov, Idris"]
[Black "Vdovin, Sergey"]
[Result "0-1"]
[WhiteElo "2049"]
[BlackElo "1792"]
[PlyCount "74"]
[EventDate "2014.12.06"]

1. Nf3 d5 2. b3 Bg4 3. Ne5 Bf5 4. c4 d4 5. d3 f6 6. Nf3 e5 7. g3 Qd7 8. h3 a5
9. a3 Nc6 10. Bg2 Bc5 11. Nbd2 Nge7 12. Nh4 Be6 13. Ne4 Bb6 14. Bd2 h6 15. f4
f5 16. Nf2 exf4 17. gxf4 Bc5 18. Bf3 O-O-O 19. b4 Bd6 20. c5 Bxf4 21. Bxf4 g5
22. Bh2 gxh4 23. b5 Nb8 24. Qa4 Bd5 25. Qxa5 Bxf3 26. exf3 Rde8 27. O-O-O Nd5
28. Rd2 Re6 29. Kb2 Rhe8 30. Rc1 Nc3 31. a4 Qf7 32. Rxc3 dxc3+ 33. Qxc3 Re2 34.
Bf4 Rxd2+ 35. Qxd2 Qd5 36. Be3 Qxf3 37. Nd1 f4 0-1

[Event "Championship Saratov region 2014"]
[Site "Saratov"]
[Date "2014.12.07"]
[Round "2.16"]
[White "Gitelson, Arkady"]
[Black "Aleev, Aleksandr"]
[Result "0-1"]
[WhiteElo "1854"]
[BlackElo "1949"]
[PlyCount "104"]
[EventDate "2014.12.06"]

1. Nf3 e6 2. g3 d5 3. d4 Nf6 4. Bg2 Be7 5. O-O Ne4 6. c4 c5 7. cxd5 exd5 8.
dxc5 Bxc5 9. Ne5 O-O 10. Nc3 Nxc3 11. bxc3 Nc6 12. Nd3 Bb6 13. Ba3 Re8 14. e3
Qf6 15. Bb2 Be6 16. c4 d4 17. c5 Bc7 18. Qa4 Bf5 19. Nb4 Be4 20. f3 Bg6 21.
Nxc6 bxc6 22. Bxd4 Be5 23. Rfe1 Bd3 24. f4 Bxd4 25. exd4 Bb5 26. Qb4 a5 27. Qc3
a4 28. Re5 Rxe5 29. fxe5 Qe6 30. Rb1 Rb8 31. d5 Qf5 32. Qe1 Re8 33. dxc6 Ba6
34. c7 Kf8 35. Rb8 Qd7 36. e6 fxe6 37. c6 Qd4+ 38. Kh1 Bc8 39. Qb4+ Qxb4 40.
Rxb4 Ke7 41. Rxa4 Kd6 42. Ra7 Re7 43. Ra8 Rxc7 44. a4 e5 45. a5 Bf5 46. Rd8+
Ke7 47. Rd5 Ke6 48. a6 e4 49. Ra5 Rxc6 50. a7 Rc1+ 51. Bf1 Bh3 52. Ra6+ Ke7 0-1

[Event "Championship Saratov region 2014"]
[Site "Saratov"]
[Date "2014.12.07"]
[Round "2.17"]
[White "Brekhov, Denis"]
[Black "Davydov, Artem"]
[Result "1-0"]
[WhiteElo "1949"]
[BlackElo "1713"]
[PlyCount "71"]
[EventDate "2014.12.06"]

1. e4 c5 2. Nf3 d6 3. d4 cxd4 4. Nxd4 Nf6 5. Nc3 g6 6. Be3 Bg7 7. f3 O-O 8. Qd2
Nc6 9. Bc4 Nd7 10. Bb3 Nb6 11. h4 Na5 12. Qd3 Nxb3 13. axb3 Bd7 14. h5 a5 15.
hxg6 fxg6 16. Ndb5 Bxb5 17. Qxb5 Qd7 18. Qd3 Qc6 19. O-O-O a4 20. Bxb6 Qxb6 21.
Qd5+ Rf7 22. bxa4 Bxc3 23. bxc3 Rxa4 24. Qb3 Qe3+ 25. Kb2 Ra6 26. Rd4 h5 27.
Qxb7 e5 28. Qc8+ Kg7 29. Rb4 Qa7 30. Qc4 Qa8 31. Rb1 Rfa7 32. Kc1 Rc6 33. Qe6
Rac7 34. Rb8 Qa3+ 35. Kd1 Qxc3 36. Rg8+ 1-0

[Event "Championship Saratov region 2014"]
[Site "Saratov"]
[Date "2014.12.07"]
[Round "2.18"]
[White "Brineva, Elena G"]
[Black "Dmitrieva, Galina"]
[Result "1-0"]
[WhiteElo "1910"]
[BlackElo "1544"]
[PlyCount "41"]
[EventDate "2014.12.06"]

1. c4 c5 2. Nc3 Nf6 3. g3 d5 4. cxd5 Nxd5 5. Bg2 Nc7 6. Nf3 g6 7. O-O Bg7 8. d3
Nc6 9. Na4 Na6 10. Ng5 f5 11. Qb3 e6 12. Nxe6 Bxe6 13. Qxe6+ Qe7 14. Bxc6+ bxc6
15. Qxc6+ Kf7 16. Qxa6 Rhe8 17. Qc4+ Kf8 18. Be3 Be5 19. Bxc5 Bd6 20. Be3 Rac8
21. Bh6+ 1-0

[Event "Championship Saratov region 2014"]
[Site "Saratov"]
[Date "2014.12.07"]
[Round "2.19"]
[White "Machkalyan, Karen"]
[Black "Upolovnev, Vladimir"]
[Result "1/2-1/2"]
[WhiteElo "1769"]
[BlackElo "1909"]
[PlyCount "134"]
[EventDate "2014.12.06"]

1. e4 Nc6 2. Bc4 e6 3. d3 d5 4. exd5 exd5 5. Bb3 Bc5 6. Nc3 Nge7 7. Bg5 Be6 8.
Nge2 h6 9. Bh4 g5 10. Bg3 Nf5 11. Ba4 Nxg3 12. Bxc6+ bxc6 13. hxg3 Rb8 14. Na4
Bd6 15. Nd4 Bd7 16. Qe2+ Qe7 17. Qxe7+ Kxe7 18. Nb3 Rb4 19. Nc3 Be6 20. a3 Rbb8
21. d4 Bg4 22. Kd2 Kf6 23. Rae1 h5 24. Kc1 h4 25. gxh4 Rxh4 26. Rxh4 gxh4 27.
Rh1 Kg5 28. Nd1 Bf4+ 29. Ne3 Re8 30. Kd2 Bf5 31. Nc5 Be4 32. Nxe4+ Rxe4 33. c3
Bxe3+ 34. fxe3 f5 35. Rf1 Re8 36. Ke2 a5 37. Kf3 a4 38. Rf2 Kf6 39. Rc2 Re4 40.
c4 f4 41. exf4 Kf5 42. cxd5 Rxf4+ 43. Ke3 cxd5 44. Rxc7 Rg4 45. Rf7+ Ke6 46.
Rf2 Rg3+ 47. Ke2 Kd7 48. Kf1 Rb3 49. Rd2 Kc6 50. Rc2+ Kb6 51. Kf2 Rd3 52. Ke2
Rxd4 53. Ke3 Rg4 54. Kf3 Rg3+ 55. Kf4 Kb5 56. Ke5 Rd3 57. Kd6 d4 58. Kd5 Rd1
59. Rc5+ Kb6 60. Rc4 Rd2 61. Rxd4 Rxg2 62. Rxh4 Rxb2 63. Rxa4 Kb5 64. Ra8 Rd2+
65. Ke4 Kb6 66. Rb8+ Ka7 67. Rg8 Ka6 1/2-1/2

[Event "Championship Saratov region 2014"]
[Site "Saratov"]
[Date "2014.12.08"]
[Round "3.1"]
[White "Sanzhaev, Darsen"]
[Black "Gluhenkii, Dmitry"]
[Result "0-1"]
[WhiteElo "2344"]
[BlackElo "2141"]
[PlyCount "100"]
[EventDate "2014.12.06"]

1. d4 Nf6 2. c4 g6 3. g3 Bg7 4. Bg2 O-O 5. Nc3 d6 6. Nf3 c6 7. O-O Qa5 8. Qd2
Na6 9. e4 Bg4 10. a3 Qh5 11. Nh4 e5 12. d5 cxd5 13. Nxd5 Nxd5 14. cxd5 Nc5 15.
Qe3 Bf6 16. b4 Bxh4 17. bxc5 Be7 18. cxd6 Bxd6 19. Bd2 f5 20. f3 Bh3 21. Bb4 f4
22. Qb3 fxg3 23. hxg3 Rad8 24. Rf2 Rf7 25. Raf1 Bc7 26. Bc5 b6 27. Bb4 Bc8 28.
Rc2 Ba6 29. Rfc1 Bb8 30. Be1 Qg5 31. Bf2 Bd6 32. Bh3 Kg7 33. Bg2 Rdf8 34. Re1
h5 35. Rc6 Bc5 36. Bxc5 bxc5 37. f4 exf4 38. gxf4 Rxf4 39. Qb2+ Kg8 40. Rxa6
Qg3 41. Qe2 Rh4 42. Rxg6+ Qxg6 43. Qe3 Rg4 44. Qh3 Qf6 45. Qe3 h4 46. e5 Qg6
47. Re2 Rg3 48. Qe4 Qxe4 49. Rxe4 h3 50. Kh2 hxg2 0-1

[Event "Championship Saratov region 2014"]
[Site "Saratov"]
[Date "2014.12.08"]
[Round "3.2"]
[White "Protopopova, Anastasiya"]
[Black "Biryukov, Dmitriy"]
[Result "0-1"]
[WhiteElo "2075"]
[BlackElo "2278"]
[PlyCount "62"]
[EventDate "2014.12.06"]

1. Nf3 d6 2. d4 g6 3. c4 Bg7 4. Nc3 Nf6 5. e4 O-O 6. Be2 e5 7. O-O Na6 8. Re1
exd4 9. Nxd4 Nc5 10. f3 c6 11. Be3 Ne6 12. Qd2 Nxd4 13. Bxd4 Be6 14. Rad1 Qc7
15. Be3 Rfd8 16. Bf4 Ne8 17. Bg3 Qa5 18. f4 Bxc4 19. Bxc4 Qc5+ 20. Qe3 Qxc4 21.
e5 d5 22. Bh4 Rd7 23. Rd4 Qc5 24. f5 gxf5 25. Bf6 Nxf6 26. exf6 Re7 27. Ne4
fxe4 28. Rf1 Re6 29. b4 Qd6 30. fxg7 Rg6 31. Qf2 Rxg7 0-1

[Event "Championship Saratov region 2014"]
[Site "Saratov"]
[Date "2014.12.08"]
[Round "3.3"]
[White "Karpenko, Artem"]
[Black "Palin, Denis"]
[Result "1-0"]
[WhiteElo "2165"]
[BlackElo "2108"]
[PlyCount "95"]
[EventDate "2014.12.06"]

1. e4 e6 2. d3 d5 3. Nd2 Nf6 4. Ngf3 b6 5. e5 Nfd7 6. Qe2 c5 7. g3 Nc6 8. Nb1
Qc7 9. Bf4 Nd4 10. Nxd4 cxd4 11. Bg2 Bb4+ 12. Kd1 Bb7 13. Nd2 h6 14. h4 b5 15.
Nb3 Qb6 16. Bd2 Bxd2 17. Nxd2 Ke7 18. f4 Rhc8 19. Nf3 Nc5 20. Qf2 Na4 21. Qxd4
Qxd4 22. Nxd4 Nxb2+ 23. Kd2 a6 24. Rhb1 Na4 25. c4 Ra7 26. cxb5 Nc3 27. Rc1
Nxb5 28. Rxc8 Bxc8 29. Nc6+ Kd7 30. Nxa7 Nxa7 31. d4 Nc6 32. Kc3 Kc7 33. Bf1
Ne7 34. Bd3 a5 35. h5 Bd7 36. g4 Nc8 37. g5 Nb6 38. gxh6 gxh6 39. Rg1 Ba4 40.
Be2 Be8 41. Rg7 Nc8 42. Rg8 Bd7 43. Rf8 Ne7 44. Rxf7 Kd8 45. Bd3 Be8 46. Rf8
Nc6 47. Bg6 Ke7 48. Rxe8+ 1-0

[Event "Championship Saratov region 2014"]
[Site "Saratov"]
[Date "2014.12.08"]
[Round "3.4"]
[White "Kavyev, Ruslan"]
[Black "Shlegin, Stanislav"]
[Result "0-1"]
[WhiteElo "1854"]
[BlackElo "2336"]
[PlyCount "66"]
[EventDate "2014.12.06"]

1. e4 e5 2. Nf3 d6 3. d4 Nf6 4. Nc3 Nbd7 5. Bc4 Be7 6. O-O O-O 7. Qe2 c6 8. Rd1
Qc7 9. a4 b6 10. h3 a6 11. Ba2 Rb8 12. Be3 b5 13. axb5 axb5 14. Nh4 Nb6 15. Qf3
Nc4 16. Bxc4 bxc4 17. dxe5 dxe5 18. Ra7 Rb7 19. Rxb7 Qxb7 20. Nf5 Bxf5 21. Qxf5
Qxb2 22. Qxe5 Bb4 23. Bd4 Qxc2 24. Rf1 c5 25. Nd5 cxd4 26. Nxb4 Qxe4 27. Qc5 d3
28. Nc6 Nd7 29. Qd6 Qe6 30. Ne7+ Kh8 31. Qb4 Rb8 32. Qa3 Re8 33. Ra1 Rxe7 0-1

[Event "Championship Saratov region 2014"]
[Site "Saratov"]
[Date "2014.12.08"]
[Round "3.5"]
[White "Dmitriev, Igor"]
[Black "Tatarinov, Andrey"]
[Result "1-0"]
[WhiteElo "2279"]
[BlackElo "1625"]
[PlyCount "61"]
[EventDate "2014.12.06"]

1. e4 c5 2. b3 e6 3. Nf3 Nc6 4. Bb5 Be7 5. Bxc6 bxc6 6. d3 Nf6 7. e5 Nd5 8. c4
Nb6 9. Nc3 Bb7 10. Ne4 Qc7 11. Be3 Rb8 12. O-O f6 13. exf6 gxf6 14. Bxc5 d6 15.
Bxd6 Bxd6 16. c5 Bxh2+ 17. Nxh2 Nd5 18. Qh5+ Ke7 19. Nd6 Rbf8 20. Rfe1 Bc8 21.
Qh6 Rfg8 22. Re4 Rg6 23. Qh5 e5 24. Rxe5+ fxe5 25. Qxe5+ Be6 26. Qxh8 Nf6 27.
Re1 Qa5 28. Nf3 Qxc5 29. Ne4 Qh5 30. Nxf6 Rxf6 31. Qg7+ 1-0

[Event "Championship Saratov region 2014"]
[Site "Saratov"]
[Date "2014.12.08"]
[Round "3.6"]
[White "Khatkevich, Alexandr"]
[Black "Aseeva, Anastasia"]
[Result "0-1"]
[WhiteElo "2049"]
[BlackElo "1983"]
[PlyCount "94"]
[EventDate "2014.12.06"]

1. d4 Nf6 2. c4 e6 3. Nf3 Bb4+ 4. Bd2 Qe7 5. Bxb4 Qxb4+ 6. Qd2 Qxc4 7. Nc3 d5
8. e4 Qb4 9. e5 Nfd7 10. a3 Qe7 11. b4 O-O 12. Bd3 f5 13. Nb5 Na6 14. Rc1 c6
15. Nd6 Nc7 16. b5 Nxb5 17. Bxb5 cxb5 18. Rc7 Qd8 19. Qc3 Nb6 20. Nxb7 Bxb7 21.
Rxb7 Rf7 22. Rxf7 Kxf7 23. O-O h6 24. h4 Nc4 25. Rb1 Rb8 26. h5 Qa5 27. Qxa5
Nxa5 28. Ne1 Nc6 29. Nc2 a5 30. Kf1 b4 31. axb4 axb4 32. Rb3 Ra8 33. Ke1 Ra2
34. Nxb4 Nxd4 35. Nxa2 Nxb3 36. f4 Nc5 37. Ke2 g6 38. hxg6+ Kxg6 39. Nb4 Kh5
40. Ke3 Kg4 41. Nc6 Nd7 42. Nd4 Nf8 43. Ne2 h5 44. g3 Ng6 45. Nd4 Kxg3 46. Nxe6
h4 47. Nd4 Ne7 0-1

[Event "Championship Saratov region 2014"]
[Site "Saratov"]
[Date "2014.12.08"]
[Round "3.7"]
[White "Chekmareva, Liya"]
[Black "Petukhov, Dmitry"]
[Result "0-1"]
[WhiteElo "1948"]
[BlackElo "2359"]
[PlyCount "72"]
[EventDate "2014.12.06"]

1. e4 c5 2. Nc3 Nc6 3. g3 h5 4. Bg2 h4 5. d3 d6 6. g4 g6 7. h3 Bg7 8. Nf3 e6 9.
Rb1 Nge7 10. O-O f5 11. gxf5 gxf5 12. Bg5 Nd4 13. Nxh4 f4 14. Ng6 Nxg6 15. Bxd8
Kxd8 16. Qg4 Rh6 17. Qg5+ Kc7 18. h4 f3 19. h5 Bd7 20. hxg6 Rah8 21. Rfd1 Rh2
22. b4 Rxg2+ 23. Qxg2 fxg2 24. Kxg2 Rh6 25. bxc5 Rxg6+ 26. Kf1 dxc5 27. Ne2 Nf3
28. Ng3 Bh6 29. Kg2 Nh4+ 30. Kh3 Bg5 31. e5 Nf3 32. Ne4 b6 33. c3 Bf4 34. d4
Bc6 35. Ng3 Nd2 36. Rxd2 Bf3 0-1

[Event "Championship Saratov region 2014"]
[Site "Saratov"]
[Date "2014.12.08"]
[Round "3.8"]
[White "Vdovin, Sergey"]
[Black "Efimov, Ivan"]
[Result "0-1"]
[WhiteElo "1792"]
[BlackElo "2157"]
[PlyCount "82"]
[EventDate "2014.12.06"]

1. d4 Nf6 2. Bg5 Ne4 3. Bf4 c5 4. f3 Nf6 5. d5 Qb6 6. Bc1 e6 7. dxe6 fxe6 8. e4
Nc6 9. Nc3 Be7 10. Nh3 O-O 11. Bc4 Qb4 12. Bb3 c4 13. a3 Qc5 14. Ba2 d5 15. Nf2
d4 16. Ne2 b5 17. O-O e5 18. Kh1 Kh8 19. b3 Be6 20. f4 exf4 21. Nxf4 Bf7 22.
bxc4 bxc4 23. Rb1 Rab8 24. Rxb8 Rxb8 25. Qe2 Ne5 26. Nd5 Nxd5 27. exd5 Ng6 28.
d6 Bxd6 29. Ne4 Qe5 30. Ng3 Qd5 31. Ne4 Re8 32. Bxc4 Rxe4 33. Bxd5 Rxe2 34.
Bxf7 Rxc2 35. g3 d3 36. Rd1 Ne5 37. Bd5 Ng4 38. Re1 Rxh2+ 39. Kg1 Bc5+ 40. Kf1
Rf2+ 41. Kg1 Re2+ 0-1

[Event "Championship Saratov region 2014"]
[Site "Saratov"]
[Date "2014.12.08"]
[Round "3.9"]
[White "Stepanov, Nikolay"]
[Black "Kvitka, Roman"]
[Result "1/2-1/2"]
[WhiteElo "1602"]
[BlackElo "2140"]
[PlyCount "75"]
[EventDate "2014.12.06"]

1. d4 d5 2. c4 c6 3. cxd5 cxd5 4. Nc3 Nf6 5. Nf3 Nc6 6. Bg5 Ne4 7. Bh4 Qa5 8.
Qb3 e6 9. e3 Bb4 10. Rc1 O-O 11. Bd3 f5 12. O-O Bd6 13. Bg3 Nxg3 14. hxg3 Qb4
15. Qxb4 Nxb4 16. Be2 Bd7 17. a3 Nc6 18. Nd2 Rf6 19. Nb3 Raf8 20. Nb5 Bb8 21.
Nc5 Bc8 22. Rfd1 g5 23. f4 gxf4 24. gxf4 Kf7 25. Kf2 Kg8 26. Rh1 Kg7 27. Rh3
Rh6 28. Rch1 Rxh3 29. Rxh3 b6 30. Nd3 Ba6 31. Nc3 Rc8 32. Rg3+ Kf8 33. Ne5 Bxe2
34. Kxe2 Nxe5 35. dxe5 a6 36. Rh3 Kg7 37. Rg3+ Kf7 38. Rh3 1/2-1/2

[Event "Championship Saratov region 2014"]
[Site "Saratov"]
[Date "2014.12.08"]
[Round "3.10"]
[White "Zhdanov, Petr"]
[Black "Brekhov, Denis"]
[Result "1-0"]
[WhiteElo "2060"]
[BlackElo "1949"]
[PlyCount "63"]
[EventDate "2014.12.06"]

1. e4 c5 2. Nf3 d6 3. d4 cxd4 4. Nxd4 Nf6 5. Nc3 g6 6. Be3 Bg7 7. f3 O-O 8. Qd2
Nc6 9. O-O-O d5 10. Kb1 Nxd4 11. e5 Nf5 12. exf6 Bxf6 13. Nxd5 Qxd5 14. Qxd5
Nxe3 15. Qd2 Nxd1 16. Qxd1 Be6 17. Bb5 a6 18. Ba4 b5 19. Bb3 Bxb3 20. axb3 a5
21. Qe2 a4 22. Ka2 Rfc8 23. g4 axb3+ 24. Kxb3 Rc4 25. h4 Rca4 26. g5 Bg7 27.
Qxe7 Bf8 28. Qe1 Rf4 29. c3 Rc8 30. h5 b4 31. hxg6 hxg6 32. Qe5 1-0

[Event "Championship Saratov region 2014"]
[Site "Saratov"]
[Date "2014.12.08"]
[Round "3.11"]
[White "Golbraikh, Leonid"]
[Black "Kruzhilin, Aleksey"]
[Result "0-1"]
[WhiteElo "1576"]
[BlackElo "2059"]
[PlyCount "62"]
[EventDate "2014.12.06"]

1. e4 e5 2. Nf3 Nc6 3. Bb5 a6 4. Ba4 Nf6 5. O-O b5 6. Bb3 Bb7 7. c3 Nxe4 8. d4
Na5 9. Bc2 exd4 10. b4 Nc4 11. Bxe4 Bxe4 12. Re1 d5 13. Nxd4 c5 14. bxc5 Bxc5
15. f3 O-O 16. fxe4 dxe4 17. Rxe4 Qd5 18. Qf3 b4 19. Kh1 Rae8 20. Rxe8 Rxe8 21.
Bd2 Qe5 22. Nc2 a5 23. Qg4 Bd6 24. Qh4 Qf5 25. Qxc4 Qh5 26. Kg1 Bxh2+ 27. Kf2
Qf5+ 28. Bf4 Re4 29. Qc7 Rxf4+ 30. Ke2 Re4+ 31. Ne3 Bxc7 0-1

[Event "Championship Saratov region 2014"]
[Site "Saratov"]
[Date "2014.12.08"]
[Round "3.12"]
[White "Sudnik, Pavel"]
[Black "Brineva, Elena G"]
[Result "1-0"]
[WhiteElo "2032"]
[BlackElo "1910"]
[PlyCount "45"]
[EventDate "2014.12.06"]

1. e4 c5 2. Nc3 Nc6 3. d3 d6 4. Be3 Nf6 5. h3 e6 6. g4 Be7 7. Bg2 a6 8. f4 Qc7
9. Nf3 b5 10. O-O b4 11. Ne2 d5 12. e5 Nd7 13. c3 Bb7 14. d4 c4 15. f5 h5 16.
Nf4 hxg4 17. fxe6 gxf3 18. exf7+ Kxf7 19. Nxd5 Qb8 20. Qxf3+ Ke8 21. Nxe7 Kxe7
22. Bg5+ Nf6 23. exf6+ 1-0

[Event "Championship Saratov region 2014"]
[Site "Saratov"]
[Date "2014.12.08"]
[Round "3.14"]
[White "Lysenkov, Alexandr"]
[Black "Kavyev, Emil"]
[Result "1-0"]
[WhiteElo "2113"]
[BlackElo "1714"]
[PlyCount "77"]
[EventDate "2014.12.06"]

1. d4 Nf6 2. c4 c5 3. Nf3 cxd4 4. Nxd4 e5 5. Nc2 d5 6. cxd5 Qxd5 7. Qxd5 Nxd5
8. e4 Nb4 9. Nca3 a6 10. Be3 Be6 11. Nc3 Nd7 12. Be2 Be7 13. O-O O-O 14. Bc4
Bxc4 15. Nxc4 Nc6 16. Rad1 Rfd8 17. Nb6 Nc5 18. Nxa8 Rxa8 19. Nd5 Nxe4 20.
Nxe7+ Nxe7 21. Rd7 Ng6 22. Rxb7 f5 23. f4 exf4 24. Bxf4 Nxf4 25. Rxf4 Rc8 26.
g4 Ng5 27. Rxf5 h6 28. h4 Ne6 29. Rb6 Nd4 30. Rf2 Nc2 31. Kg2 Ne3+ 32. Kg3 Rc4
33. Rb8+ Kh7 34. Rf4 Rc2 35. h5 Rc7 36. Rff8 g5 37. Rh8+ Kg7 38. Rbg8+ Kf7 39.
Rh7+ 1-0

[Event "Championship Saratov region 2014"]
[Site "Saratov"]
[Date "2014.12.08"]
[Round "3.15"]
[White "Upolovnev, Vladimir"]
[Black "Guliev, Gasan"]
[Result "1-0"]
[WhiteElo "1909"]
[BlackElo "2064"]
[PlyCount "137"]
[EventDate "2014.12.06"]

1. Nc3 e5 2. Nf3 Nc6 3. d4 exd4 4. Nxd4 Nf6 5. Bg5 Bb4 6. Nxc6 bxc6 7. Qd4 Be7
8. e4 d6 9. Bc4 O-O 10. O-O h6 11. Bh4 c5 12. Qd3 Rb8 13. b3 Bb7 14. Rae1 Qd7
15. h3 Nh5 16. Bxe7 Qxe7 17. Qe3 g5 18. Qf3 Nf4 19. g3 Ng6 20. Qf5 Kg7 21. Nd5
Qd8 22. Qf3 Bc8 23. Kg2 h5 24. Qc3+ f6 25. f4 c6 26. Ne3 gxf4 27. gxf4 Re8 28.
Bd3 Rg8 29. Kh2 Kh6 30. Qd2 Nh4 31. f5 Rg5 32. Qf2 c4 33. bxc4 d5 34. Qxh4 dxe4
35. Qxe4 Rb7 36. Rg1 Qd6+ 37. Kh1 Rg3 38. Rxg3 Qxg3 39. Ng2 Qxh3+ 40. Kg1 Rg7
41. Qe3+ Qxe3+ 42. Rxe3 c5 43. Kf2 Bb7 44. Be4 Ba6 45. Bd5 Bc8 46. Be6 Bb7 47.
Rg3 Rg5 48. Nh4 Be4 49. Nf3 Rxg3 50. Kxg3 Bxc2 51. Kh4 Bb1 52. a3 Be4 53. Nd2
Bc2 54. Nf1 Kg7 55. Ng3 Kf8 56. Kxh5 Kg7 57. Kg4 Kf8 58. Kf4 Ke7 59. Nf1 Kd6
60. Ne3 Bd3 61. Nd1 Bc2 62. Nc3 Bd3 63. Nb5+ Kc6 64. Nxa7+ Kb6 65. Nb5 Ka5 66.
Nc3 Bf1 67. Ne4 Ka4 68. Nxf6 Kxa3 69. Ne4 1-0

[Event "Championship Saratov region 2014"]
[Site "Saratov"]
[Date "2014.12.08"]
[Round "3.16"]
[White "Tyapkin, Petr"]
[Black "Gagarkine, Nikolay"]
[Result "0-1"]
[WhiteElo "1750"]
[BlackElo "1838"]
[PlyCount "124"]
[EventDate "2014.12.06"]

1. d4 g6 2. Nf3 f6 3. e4 Nh6 4. Nc3 Bg7 5. Bd3 Nf7 6. Be3 e6 7. h4 d5 8. exd5
exd5 9. h5 g5 10. Qe2 O-O 11. h6 Bh8 12. O-O-O Re8 13. Nh2 Nc6 14. Qh5 Qd7 15.
a3 a6 16. Nf1 Ncd8 17. Qf3 c6 18. Na4 Qg4 19. Nb6 Qxf3 20. gxf3 Rb8 21. Nxc8
Rxc8 22. f4 Ne6 23. f5 Nc7 24. f4 b5 25. c3 a5 26. Rg1 b4 27. a4 bxc3 28. bxc3
Rb8 29. Bc2 Kf8 30. fxg5 fxg5 31. Bxg5 Nxg5 32. Rxg5 Bf6 33. Rg2 c5 34. dxc5
Bxc3 35. f6 Bb2+ 36. Kd2 Bxf6 37. Rf2 Re6 38. Re1 Ke7 39. Rxe6+ Nxe6 40. Bxh7
Bg5+ 41. Kd1 Bxh6 42. Re2 Kf6 43. Ng3 Nxc5 44. Nh5+ Kf7 45. Rf2+ Ke7 46. Bc2
Be3 47. Rf5 Ke6 48. Ng7+ Kd6 49. Rf6+ Ke5 50. Rf5+ Kd4 51. Rf3 Bg5 52. Rg3 Bf4
53. Rg4 Ke5 54. Nh5 Rf8 55. Ng7 Ne4 56. Bxe4 dxe4 57. Rg6 Rd8+ 58. Ke1 Rh8 59.
Ra6 Rh1+ 60. Ke2 Rh2+ 61. Kf1 Bd2 62. Re6+ Kd5 0-1